00624nam a22002057a 450000500170000001000230001702000210004003500250006103700150008608200150010110000170011624500710013326000390020427000400024330000320028350000190031565000340033465000230036865000270039120181218124752.0 aB-192400 B-192406 a0070606943c0.00 aB-192400 B-192406 bBPPD / PUB a808.066659 aFoster, Jack aHow to Get Ideas/cby Jack Foster and [illustrated] by Larry Corby aNew Delhi bTata McGraw-Hillc1996 a7, West Patel Nagar bDelhie110008 axiii, 208 p. ;c22 cm (Hb)  aincludes index aCreative ability in business. aCreative thinking. aOrganizational change.